000 00720cam a22002417a 4500
001 000722
003 armpunfd
005 20140612090618.0
008 011019e1960####xx#a##########000#0#und#d
040 _aarmpunfd
_carmpunfd
080 _a347 M 456
100 1 0 _a Mazeaud, Jean
245 1 0 _aLecciones de derecho civil: parte segunda
260 _a Buenos Aires
_b Ejea
_c1960
300 _av. vv 446v p.
500 _av. iv parte segunda: derechos reales principales: el derecho de propiedad y sus desmembraciones
650 7 _a Derecho De Propiedad
_2LEMB
650 7 _a Derechos Reales
_2LEMB
700 1 0 _aMazeaud, Henri
700 1 0 _aMazeaud, Leon
942 _cLB
_2cdu
945 _aCatalis
_d2010-08-19
999 _c713
_d231217